000 00457nam a2200181Ia 4500
005 20250508152859.0
008 008 250505s9999 xx 000 0 eng d
037 _aTextual
040 _aFEDL
_beng
_cFEDL
041 _aeng
_2eng
084 _a759.4, CEZ
_qFEDL
100 _aHuyghe Rene
245 0 _aCezanne
260 _aLondon, UK
_bOldbourne Press
_c1961
300 _a85p
942 _cTEXL
_h759.4, CEZ
999 _c1339374
_d1339374